Автоматизация измерений метеопараметров окружающей среды; Проблемы геологии и освоения недр

ग्रंथसूची विवरण
Parent link:Проблемы геологии и освоения недр.— 2004.— С. 833-835
मुख्य लेखक: Сорокоумовская Е. Н.
अन्य लेखक: Уразбахтин Р. Р. (научный руководитель), Гусельников М. Э.
भाषा:रूसी
प्रकाशित: 2004
विषय:
स्वरूप: पुस्तक अध्याय
KOHA link:https://koha.lib.tpu.ru/cgi-bin/koha/opac-detail.pl?biblionumber=213429

MARC

LEADER 00000naa2a2200000 4500
001 213429
005 20231031193112.0
035 |a (RuTPU)RU\TPU\book\233217 
090 |a 213429 
100 |a 20120410d2004 k y0rusy50 ca 
101 0 |a rus 
102 |a RU 
200 1 |a Автоматизация измерений метеопараметров окружающей среды  |f Е. Н. Сорокоумовская, Р. Р. Уразбахтин  |g науч. рук. М. Э. Гусельников 
320 |a Библиогр.: 2 назв. 
463 0 |0 (RuTPU)RU\TPU\book\77451  |y 5-89503-079-3  |t Проблемы геологии и освоения недр  |o труды Восьмого Международного симпозиума имени ак. М. А. Усова студентов и молодых ученых, посвященного 400-летию г. Томска, 5-9 апреля 2004 г., Томск  |f Администрация г. Томска; Томский политехнический университет  |v С. 833-835  |d 2004  |p 913 с. 
610 1 |a метеоинформация 
610 1 |a метеорология 
610 1 |a параметры 
610 1 |a измерения 
610 1 |a измерительная информация 
610 1 |a процессы 
610 1 |a воздух 
610 1 |a труды учёных ТПУ 
610 1 |a автоматизация 
700 1 |a Сорокоумовская  |b Е. Н. 
701 1 |a Уразбахтин  |b Р. Р. 
702 1 |a Гусельников  |b М. Э.  |4 727 
801 1 |a RU  |b 63413507  |c 20120410 
801 2 |a RU  |b 63413507  |c 20161011  |g RCR 
942 |c BK